Radio receiver design /

Bibliographic Details
Main Author: Dixon, Robert C. (Robert Clyde), 1932-
Format: Book
Language:English
Published: New York : Marcel Dekker, [1998]
Series:Electrical engineering and electronics ; 104.
Subjects:

MARC

Tag First Indicator Second Indicator Subfields
LEADER 00000cam a2200000 a 4500
001 in00001459708
005 20151020163758.0
008 980623s1998 nyua b 001 0 eng
010 |a  98029981  
020 |a 0824701615 (alk. paper) 
035 |a (OCoLC)39379377 
035 |9 AJC4849AM 
040 |a DLC  |c DLC  |d TXA  |d UtOrBLW 
049 |a TXAM 
050 0 0 |a TK6563  |b .D615 1998 
082 0 0 |a 621.384/18  |2 21 
100 1 |a Dixon, Robert C.  |q (Robert Clyde),  |d 1932- 
245 1 0 |a Radio receiver design /  |c Robert C. Dixon. 
264 1 |a New York :  |b Marcel Dekker,  |c [1998] 
264 4 |c ©1998 
300 |a viii, 474 pages :  |b illustrations ;  |c 24 cm. 
336 |a text  |b txt  |2 rdacontent 
337 |a unmediated  |b n  |2 rdamedia 
338 |a volume  |b nc  |2 rdacarrier 
490 1 |a Electrical engineering and electronics ;  |v 104 
504 |a Includes bibliographical references and index. 
650 0 |a Radio  |x Receivers and reception  |x Design and construction. 
830 0 |a Electrical engineering and electronics ;  |v 104. 
948 |a c:dm 
999 |a MARS 
999 f f |s 82350c01-37c6-3e8a-a8b1-dc21343badb7  |i c027af1d-b9c4-3fcd-8b01-e30336357952  |t 0 
952 f f |p ric  |a Texas A&M University  |b Rellis Campus  |c Joint Library Facility  |s JLF  |d Remote Storage  |t 0  |e TK6563 .D615 1998  |h Library of Congress classification  |i unmediated -- volume  |m A14839603230 
998 f f |a TK6563 .D615 1998  |t 0  |l Remote Storage